|
|
|
|
| LEADER |
01092nam a2200289 a 4500 |
| 001 |
43561 |
| 003 |
BD-DhAAL |
| 005 |
20241016163043.0 |
| 008 |
241016t1995 ilua b 001 0 eng |
| 010 |
|
|
|a 93083539
|
| 020 |
|
|
|a 0844257737
|
| 040 |
|
|
|a DLC
|c DLC
|d DLC
|d BD-DhAAL
|
| 050 |
0 |
0 |
|a PN1655
|b .P56 1995
|
| 082 |
|
|
|a 812.54
|2 21
|
| 100 |
1 |
|
|a Pinnell, Linda.
|9 56979
|
| 245 |
1 |
0 |
|a Getting started in theatre /
|c Linda Pinnell.
|
| 260 |
|
|
|a Lincolnwood, Ill. :
|b National Textbook Co.,
|c c1995.
|
| 300 |
|
|
|a vii, 119 pages :
|b illustrations ;
|c 28 cm.
|
| 504 |
|
|
|a Includes bibliographical references (p. 103-104) and index.
|
| 541 |
|
|
|a Donation from the Asia Foundation/ Savar Campus
|e 43561
|
| 650 |
|
0 |
|a Theater.
|
| 650 |
|
0 |
|a Drama.
|
| 650 |
|
0 |
|a Acting.
|9 56980
|
| 650 |
|
0 |
|a English literature.
|
| 942 |
|
|
|2 ddc
|c BK
|
| 999 |
|
|
|c 47022
|d 47022
|
| 952 |
|
|
|0 0
|1 0
|2 ddc
|4 0
|6 812_540000000000000_PIN
|7 0
|9 76694
|a SCL
|b SCL
|c GEN
|d 2024-10-16
|e Donation from the Asia Foundation/ Savar Campus
|l 2
|m 5
|o 812.54 PIN
|p 3020043561
|r 2026-05-08
|s 2026-03-05
|t 1
|w 2024-10-16
|y BK
|x Price not available in register.
|